| 000 | 00407nam a2200145Ia 4500 | ||
|---|---|---|---|
| 008 | 210210b1988 xxu||||| |||| 00| 0 eng d | ||
| 020 | _a81 7035 042 5 | ||
| 082 | _a305.56 CHAC | ||
| 100 | _aCHAUDHARY (S N). | ||
| 245 | _aChanging status of depressed castes in contemporary India. | ||
| 260 |
_aDelhi. _bDaya Publishing House., _c1988 |
||
| 300 | _axii,180 | ||
| 690 | _aSocial Structure | ||
| 906 | _a043068 | ||
| 999 |
_c92390 _d92390 |
||